000 00815nam a2200241Ia 4500
003 OSt
005 20220926001024.0
006 a|||||r|||| 00| 0
007 ta
008 220923b |||||||| |||| 00| 0 eng d
020 _a0749445424
_c276.25
037 _b24172, 09/10/2007, Segment Book Distrobutors
_cGeneral Book
040 _aRTL
_cRTL
_beng
041 _2eng
_aeng
082 _aX:511-8, P5
100 _aLindstrom Martin Au.
_9303351
245 0 _aBrand sense
_b How to build powerful brands through touch, taste, smell, sight and sound
260 _a New Delhi
_bKogan Page India
_c2005
300 _axii, 237p
_ccm.
650 _aCommerce
942 _hX:511-8, P5
_cGB
_2CC
999 _c600234
_d600234